Experiencias regionales en distritos electorales : (Record no. 18581)
[ view plain ]
| 000 -LEADER | |
|---|---|
| campo de control de longitud fija | 01500cam a2200325 4500 |
| 001 - NÚMERO DE CONTROL | |
| campo de control | 14165 |
| 005 - FECHA Y HORA DE LA ÚLTIMA TRANSACCIÓN | |
| campo de control | 20230410102057.0 |
| 008 - DATOS DE LONGITUD FIJA--INFORMACIÓN GENERAL | |
| campo de control de longitud fija | 060907n2001 dr spa |
| 010 ## - NÚMERO DE CONTROL DE LA BIBLIOTECA DEL CONGRESO | |
| Número de control de LC | 2005413318 |
| 020 ## - NÚMERO INTERNACIONAL ESTÁNDAR DEL LIBRO | |
| Número Internacional Estándar del Libro | 9993472018 |
| 035 ## - NÚMERO DE CONTROL DEL SISTEMA | |
| -- | funglode14287 |
| 041 ## - CÓDIGO DE IDIOMA | |
| Código de lengua del texto/banda sonora o título independiente | spa |
| 050 14 - SIGNATURA TOPOGRÁFICA DE LA BIBLIOTECA DEL CONGRESO | |
| Número de clasificación | 118 JL 1138 |
| Número de ítem | E96 2001 |
| 082 00 - NÚMERO DE LA CLASIFICACIÓN DECIMAL DEWEY | |
| Número de clasificación | 324.97293/055 |
| 111 2# - ENTRADA PRINCIPAL--NOMBRE DE CONGRESO/REUNIÓN | |
| Nombre de congreso/reunión o jurisdicción como elemento de entrada | Seminario sobre Reformas Electorales Pendientes |
| Fecha del congreso o de la firma del tratado | (2000 : |
| Sede del congreso/Lugar de la reunión | Santo Domingo, Dominican Republic) |
| 245 10 - MENCIÓN DEL TÍTULO | |
| Título | Experiencias regionales en distritos electorales : |
| Resto del título | retos y expectativas sobre sufragio de dominicanos en el exterior. |
| 260 ## - PUBLICACIÓN, DISTRIBUCIÓN, ETC. | |
| Lugar de publicación, distribución, etc. | Santo Domingo : |
| Nombre del editor, distribuidor, etc. | Editora Taller, |
| Fecha de publicación, distribución, etc. | 2001 |
| 300 ## - DESCRIPCIÓN FÍSICA | |
| Extensión | 240 p. : |
| Otras características físicas | ill. ; |
| Dimensiones | 21 cm. |
| 500 ## - NOTA GENERAL | |
| Nota general | Resultados del Seminario sobre Reformas Electorales Pendientes Nov. 28-29, 2000 en Santo Domingo, Republica Dominicana y organizado por la Junta Central Electoral, Participación Ciudadana, International Foundation for Electoral Systems-IFFS, and National Democratic Institute-NDI. |
| 650 #0 - PUNTO DE ACCESO ADICIONAL DE MATERIA--TÉRMINO DE MATERIA | |
| Término de materia o nombre geográfico como elemento de entrada | Transnational voting |
| Subdivisión geográfica | Dominican Republic. |
| 650 #0 - PUNTO DE ACCESO ADICIONAL DE MATERIA--TÉRMINO DE MATERIA | |
| Término de materia o nombre geográfico como elemento de entrada | Elections |
| Subdivisión geográfica | Dominican Republic. |
| 651 #0 - PUNTO DE ACCESO ADICIONAL DE MATERIA--NOMBRE GEOGRÁFICO | |
| Nombre geográfico | Dominican Republic |
| Subdivisión general | Politics and government |
| Subdivisión cronológica | 1961- |
| 650 #4 - PUNTO DE ACCESO ADICIONAL DE MATERIA--TÉRMINO DE MATERIA | |
| Término de materia o nombre geográfico como elemento de entrada | Elecciones |
| Subdivisión geográfica | República Dominicana |
| 650 #4 - PUNTO DE ACCESO ADICIONAL DE MATERIA--TÉRMINO DE MATERIA | |
| Término de materia o nombre geográfico como elemento de entrada | Voto |
| Subdivisión geográfica | República Dominicana |
| 710 1# - ENTRADA AGREGADA--NOMBRE DE ENTIDAD CORPORATIVA | |
| Nombre de entidad corporativa o nombre de jurisdicción como elemento de entrada | República Dominicana |
| Unidad subordinada | Junta Central Electoral. |
| 710 2# - ENTRADA AGREGADA--NOMBRE DE ENTIDAD CORPORATIVA | |
| Nombre de entidad corporativa o nombre de jurisdicción como elemento de entrada | Participación Ciudadana . |
| 710 2# - ENTRADA AGREGADA--NOMBRE DE ENTIDAD CORPORATIVA | |
| Nombre de entidad corporativa o nombre de jurisdicción como elemento de entrada | International Foundation for Electoral Systems. |
| 710 2# - ENTRADA AGREGADA--NOMBRE DE ENTIDAD CORPORATIVA | |
| Nombre de entidad corporativa o nombre de jurisdicción como elemento de entrada | National Democratic Institute for International Affairs. |
| 942 ## - ELEMENTOS DE ENTRADA SECUNDARIOS (KOHA) | |
| Fuente del sistema de clasificación o colocación | Clasificación de Library of Congress |
| Tipo de ítem Koha | |
| Estatus retirado | Estado de pérdida | Fuente del sistema de clasificación o colocación | Estado de daño | No para préstamo | Colección | Biblioteca de origen | Biblioteca actual | Ubicación en estantería | Fecha de adquisición | Serial enumeration / chronology | Signatura topográfica completa | Código de barras | Visto por última vez | Copia número | Tipo de ítem Koha |
|---|---|---|---|---|---|---|---|---|---|---|---|---|---|---|---|
| Clasificación de Library of Congress | Recursos Regionales | Biblioteca Juan Bosch | Biblioteca Juan Bosch | Recursos Regionales (2do. Piso) | 23/10/2018 | 1 | 118 JL 1138 E96 2001 | 00000011911 | 23/10/2018 | 1 |
